000 00670nam a2200205 a 4500
003 PILC
005 20150112093440.0
008 100722s19uu xx 00 eng d
020 _a159136936469
050 _aHD 38
_b.R414 2004
082 _aMnSF 658.409
_bH26 2004
100 _aHarvard Business School Press
_915191
245 _aManaging yourself for the career you want /
260 _aBoston, Massachusetts :
_bHarvard Business School Publishing,
_c2004.
300 _a169 pages :
_c22 cm.
440 _aThe Results-Driven Managers Series
_917990
650 _aManagement - Vocational guidance
_917991
650 _aCareer development
_92039
942 _2lcc
_cBK
999 _c14704
_d14704